000 00637nam a2200229Ia 4500
005 20251121223209.0
008 230125s9999 xx 000 0 und d
020 _a978-81-8495-836-2
041 _aeng
082 _a158.1
_bKHA
100 _aKhatri M
_9215395
245 _aThe Law Of Attraction : Master The Universal Energy To Unleash Your Potential
250 _a8th Ed.
260 _c2019
_bJaico Publishing House
_aNavi Mumbai
300 _a216p
_cPaper Back
440 _v1
500 _aPersonality Development
650 _aPersonality Development
_9213420
700 _aKhatri M
_9215395
906 _b27
942 _cBK
999 _c95880
_d95880